000 00850nam a22001935i 4500
001 171450
003 ES-MaACL
005 20230906214634.0
008 090514s1964 sp |||| | spa d
080 _a016:05(467.12 L.)
100 1 _aSol i Clot, Romà.
_9140170
245 1 0 _a150 años de prensa leridana /
_cpor Román Sol Clot.
260 _aLérida :
_bInstituto de Estudios Ilerdenses,
_c1964.
300 _aLXII, 528 p. ;
_c24 cm.
594 _aPrecde al tit.: Instituto de Estudios Ilerdenses de la Excma. Diputación Provincial de Lérida, Patronato "José Mª Quadrado" de Estudios e Investigaciones locales del Consejo Superior de Investigaciones Científicas.
650 1 4 _aPublicaciones periódicas-
_zEspaña-
_vBibliografías.
_9140171
710 2 _aInstituto de Estudios Ilerdenses.
_94911
852 _aES-MaACL
_jC-26608
_9R.55684
999 _c171450
_d171450